Методы и оборудование для формирования гибридных биологически совместимых покрытий на имплантатах для хирургии: автореферат диссертации на соискание ученой степени кандидата технических наук; спец. 05.11.17; спец. 05.17.11

Detaylı Bibliyografya
Yazar: Шестериков Е. В. Евгений Викторович
Müşterek Yazar: Национальный исследовательский Томский политехнический университет (ТПУ)
Diğer Yazarlar: Твердохлебов С. И. Сергей Иванович (научный руководитель)
Özet:Заглавие с титульного экрана
Электронная версия печатной публикации
Dil:Rusça
Baskı/Yayın Bilgisi: Томск, 2012
Konular:
Online Erişim:http://www.lib.tpu.ru/fulltext/a/2012/76.pdf
Materyal Türü: Elektronik Kitap
KOHA link:https://koha.lib.tpu.ru/cgi-bin/koha/opac-detail.pl?biblionumber=227679

MARC

LEADER 00000nlm0a2200000 4500
001 227679
005 20231226102523.0
035 |a (RuTPU)RU\TPU\book\248115 
090 |a 227679 
100 |a 20121210d2012 k y0rusy50 ca 
101 0 |a rus 
102 |a RU 
105 |a a dm 000zy 
135 |a drcn ---uucaa 
181 0 |a i  
182 0 |a b 
200 1 |a Методы и оборудование для формирования гибридных биологически совместимых покрытий на имплантатах для хирургии  |e автореферат диссертации на соискание ученой степени кандидата технических наук  |e спец. 05.11.17  |e спец. 05.17.11  |f Е. В. Шестериков  |g Национальный исследовательский Томский политехнический университет (ТПУ) ; науч. рук. С. И. Твердохлебов 
203 |a Текст  |c электронный 
210 |a Томск  |d 2012 
215 |a 1 файл (1.3 Mb) 
300 |a Заглавие с титульного экрана 
300 |a Электронная версия печатной публикации 
337 |a Adobe Reader 
452 1 |0 (RuTPU)RU\TPU\book\250210  |t Методы и оборудование для формирования гибридных биологически совместимых покрытий на имплантатах для хирургии  |o автореферат диссертации на соискание ученой степени кандидата технических наук  |o спец. 05.11.17  |o спец. 05.17.11  |f Е. В. Шестериков  |g Национальный исследовательский Томский политехнический университет (ТПУ) ; науч. рук. С. И. Твердохлебов  |c Томск  |d 2012  |p 22 с.  |a Шестериков, Евгений Викторович 
606 1 |a Имплантаты  |2 stltpush  |3 (RuTPU)RU\TPU\subj\71629  |9 85445 
606 1 |a Биопокрытия композиционные  |x Получение  |x Нанесение  |2 stltpush  |3 (RuTPU)RU\TPU\subj\69668  |9 84395 
610 1 |a электронный ресурс 
610 1 |a авторефераты диссертаций 
610 1 |a труды учёных ТПУ 
610 1 |a биологическая совместимость 
610 1 |a биоматериалы 
610 1 |a эволюция 
610 1 |a биологически активные материалы 
610 1 |a биологически инертные материалы 
610 1 |a кальций-фосфатные покрытия 
610 1 |a формирование 
610 1 |a физико-химические свойства 
610 1 |a механические свойства 
610 1 |a трибологические свойства 
610 1 |a покрытия 
610 1 |a гибридные покрытия 
610 1 |a медико-биологические исследования 
610 1 |a магнетроны 
675 |a 615.4(04)  |v 3 
675 |a 621.793(04)  |v 3 
686 |a 05.11.17  |2 oksvnk 
686 |a 05.17.11  |2 oksvnk 
700 1 |a Шестериков  |b Е. В.  |c физик  |c научный сотрудник Физико-технического института Томского политехнического университета  |f 1979-  |g Евгений Викторович  |3 (RuTPU)RU\TPU\pers\29431 
702 1 |a Твердохлебов  |b С. И.  |c физик  |c доцент Томского политехнического университета, кандидат физико-математических наук  |f 1961-  |g Сергей Иванович  |3 (RuTPU)RU\TPU\pers\27873  |4 727  |9 12889 
712 0 2 |a Национальный исследовательский Томский политехнический университет (ТПУ)  |c (2009- )  |3 (RuTPU)RU\TPU\col\15902 
801 2 |a RU  |b 63413507  |c 20130201  |g RCR 
856 4 |u http://www.lib.tpu.ru/fulltext/a/2012/76.pdf 
942 |c CF